1561 1587 1692 1705 1179 1579 1230 1187 1411 1127 1714 1364 1652 1728 1751 1171 1217 1315 1981 1242 1501 1750 1833 1739 1939 1373 1119 1030 1568 1110 1243 1631 1040 1369 1965 1180 1431 1198 1868 1507 1803 1459 1618 1694 1248 1505 1086 1952 1080 1148 1931 1512 1259 1626 1647 1934 1012 1372 1883 1816 1871 1622 1455 1084 1895 1582 1562 1187 1804 1949 1945 1899 1275 1587 1337 1288 1723 1165 1485 1714 1483 1204 1389 1866 1204 1642 1696 1106 1812 1127 1095 1357 1326 1997 1772 1190 1006 1298 1786 BCNSPRNW ULIB Ver.6.0+V

เปลี่ยนเป็นภาษาไทย

Change to English
 แสดงรายละเอียดบรรณานุกรม
  กลับหน้าหลัก

Brief Record : Get Marc (ISO 2709) : E-mail record : QR code < ปิดหน้าต่าง
LEADER : 00000nam 2200000uu 4500
001    13399124091
003     ULIB
008    150115s2556||||th 000 0 tha d
020    ^a9789740330882
060  4 ^aWC200^bว386ก
100 0  ^aวัชรินทร์ รังษีภาณุรัตน์
245 00 ^aการวินิจฉัยโรคติดเชื้อแบคทีเรียทางการแพทย์ /^cวัชรินทร์ รังษีภาณุรัตน์
250    ^aพิมพ์ครั้งที่ 4 ( 25 ก.ค.57 )
260    ^aกรุงเทพฯ :^bสำนักพิมพ์แห่งจุฬาลงกรณ์มหาวิทยาลัย,^c2556
300    ^a350 หน้า :^bภาพประกอบ ; ตาราง ;^c26 ซม.
650  7 ^aโรคเกิดจากการติดเชื้อแบคทีเรีย
650  7 ^aการวินิจฉัยโรคทางห้องปฏิบัติการ
650  7 ^aโรคเกิดจากแบคทีเรีย--การวินิจฉัย
700 0  ^aอิสยา จันทร์วิทยานุชิต
700 0  ^aพรทิพย์ พึ่งม่วง
700 0  ^aสมหญิง งามอุรุเลิศ
700 0  ^aสุมลรัตน์ ชูวงษ์วัฒนะ
945    ^p400^l0^i038238
945    ^p400^l0^i038239
945    ^p400^l0^i038240
945    ^p400^l0^i038241
945    ^p400^l0^i038242
945    ^p400^l0^i038243
945    ^p400^l0^i038244
999    ^aเกษร โพธิ์สุวรรณ
รายการนี้ยังไม่มีแท็ก
คุณยังไม่ได้ล็อกอิน คุณสามารถมีกิจกรรมร่วมกับเว็บไซต์ได้ แต่ต้องล็อกอินก่อน ::
  ล็อกอิน

รายการสื่อสารสนเทศ

ลำดับที่ ประเภท เลขเรียก/บาร์โค้ด สถานที่ สถานะ
1. วิทยาศาสตร์การแพทย์ และสุขภาพ
หนังสือสำรอง
สถานะ=หนังสือสำรอง
WC200 ว386ก ฉ.1 
  Barcode: 038238
ห้องสมุดวิทยาเขตสวรรค์ประชารักษ์
►ส่วนจัดเก็บหนังสือเก่า สปร
บนชั้น
  ขอยืม
2. วิทยาศาสตร์การแพทย์ และสุขภาพ
วิทยาศาสตร์การแพทย์ และสุขภาพ
WC200 ว386ก ฉ.2 
  Barcode: 038239
ห้องสมุดวิทยาเขตสวรรค์ประชารักษ์
►ส่วนจัดเก็บหนังสือเก่า สปร
บนชั้น
  ขอยืม
3. วิทยาศาสตร์การแพทย์ และสุขภาพ
วิทยาศาสตร์การแพทย์ และสุขภาพ
WC200 ว386ก ฉ.3 
  Barcode: 038240
ห้องสมุดวิทยาเขตสวรรค์ประชารักษ์
►ส่วนจัดเก็บหนังสือเก่า สปร
บนชั้น
  ขอยืม
4. วิทยาศาสตร์การแพทย์ และสุขภาพ
วิทยาศาสตร์การแพทย์ และสุขภาพ
WC200 ว386ก ฉ.4 
  Barcode: 038241
ห้องสมุดวิทยาเขตสวรรค์ประชารักษ์
►ส่วนจัดเก็บหนังสือเก่า สปร
บนชั้น
  ขอยืม
5. วิทยาศาสตร์การแพทย์ และสุขภาพ
วิทยาศาสตร์การแพทย์ และสุขภาพ
WC200 ว386ก ฉ.5 
  Barcode: 038242
ห้องสมุดวิทยาเขตสวรรค์ประชารักษ์
►ส่วนจัดเก็บหนังสือเก่า สปร
บนชั้น
  ขอยืม
6. วิทยาศาสตร์การแพทย์ และสุขภาพ
วิทยาศาสตร์การแพทย์ และสุขภาพ
WC200 ว386ก ฉ.6 
  Barcode: 038243
ห้องสมุดวิทยาเขตสวรรค์ประชารักษ์
►ส่วนจัดเก็บหนังสือเก่า สปร
บนชั้น
  ขอยืม
7. วิทยาศาสตร์การแพทย์ และสุขภาพ
วิทยาศาสตร์การแพทย์ และสุขภาพ
WC200 ว386ก ฉ.7 
  Barcode: 038244
ห้องสมุดวิทยาเขตสวรรค์ประชารักษ์
►ส่วนจัดเก็บหนังสือเก่า สปร
บนชั้น
  ขอยืม

รายการใกล้เคียง
    ผู้แต่ง [วัชรินทร์ รังษีภาณุรัตน์]

    หัวเรื่อง [โรคเกิดจากการติดเชื้อแบคทีเรีย]
    หัวเรื่อง [การวินิจฉัยโรคทางห้องปฏิบัติการ]
    หัวเรื่อง [โรคเกิดจากแบคทีเรีย--การวินิจฉัย]

BibComment


ยังไม่เคยถูกคอมเมนท์

คอมเมนท์ทรัพยากรรายการนี้
  คอมเมนท์: การวินิจฉัยโรคติ..


 Copyright 2026. Bcnsprnw @Library